Historia de la teoría política / (Registro nro. 7430)

Detalles MARC
000 -LEADER
fixed length control field 01071nam a22002897a 4500
003 - CONTROL NUMBER IDENTIFIER
control field OSt
005 - DATE AND TIME OF LATEST TRANSACTION
control field 20210303150518.0
008 - FIXED-LENGTH DATA ELEMENTS--GENERAL INFORMATION
fixed length control field 210303s1945 mx ||||gr|||| 00| 0 spa d
020 ## - INTERNATIONAL STANDARD BOOK NUMBER
International Standard Book Number 9681602870
040 ## - CATALOGING SOURCE
Original cataloging agency CO-JMCR
Transcribing agency CO-JMCR
041 1# - LANGUAGE CODE
Language code of text/sound track or separate title spa
Language code of original eng
050 ## - LIBRARY OF CONGRESS CALL NUMBER
Classification number Segunda edición
082 04 - DEWEY DECIMAL CLASSIFICATION NUMBER
Classification number 320.9 /
Item number S116h
Edition number 23
100 1# - MAIN ENTRY--PERSONAL NAME
Personal name Sabine, George H.,
Relator term autor
9 (RLIN) 14313
245 10 - TITLE STATEMENT
Title Historia de la teoría política /
Statement of responsibility, etc. George H. Sabine ; traducción de Vicente Herrero
260 ## - PUBLICATION, DISTRIBUTION, ETC.
Place of publication, distribution, etc. México :
Name of publisher, distributor, etc. Fondo de Cultura Económica,
Date of publication, distribution, etc. 1945.
300 ## - PHYSICAL DESCRIPTION
Extent 677 páginas ;
Dimensions 23 cm.
490 0# - SERIES STATEMENT
Series statement Selección de obras de política
504 ## - BIBLIOGRAPHY, ETC. NOTE
Bibliography, etc. note Bibliografía : páginas 662.
505 ## - FORMATTED CONTENTS NOTE
Formatted contents note la teoría de la ciudad estado -- La teoría de la comunidad universal -- La teoría del estado Nacional
520 0# - SUMMARY, ETC.
Summary, etc. En forma llena y directa sin dejar por ello de ser minucioso y exacto.
546 0# - LANGUAGE NOTE
Language note Traducción del ingles.
650 14 - SUBJECT ADDED ENTRY--TOPICAL TERM
Topical term or geographic name entry element Ciencias Políticas
9 (RLIN) 14314
650 24 - SUBJECT ADDED ENTRY--TOPICAL TERM
Topical term or geographic name entry element Teoría política
9 (RLIN) 14315
700 1# - ADDED ENTRY--PERSONAL NAME
Personal name Herrero, George H,
Relator term autor
9 (RLIN) 14316
942 ## - ADDED ENTRY ELEMENTS (KOHA)
Source of classification or shelving scheme Dewey Decimal Classification
Koha item type Books
Existencias
Withdrawn status Lost status Source of classification or shelving scheme Damaged status Not for loan Home library Current library Shelving location Date acquired Source of acquisition Full call number Barcode Date last seen Copy number Price effective from Koha item type
    Dewey Decimal Classification     Biblioteca Pública José María del Castillo y Rada Biblioteca Pública José María del Castillo y Rada General Stacks   Donación 320.9 / S116h 201811188 05/16/2024 Ej.1   Books